000 00683cam a22002293a 4500
001 25100
003 PGUSA
005 20140828083535.0
008 080419s2008||||xxu|||||s|||||000 | eng d
040 _aPGUSA
_beng
042 _adc
050 4 _aE201
100 1 _aGriffin, Martin I. J.
_q(Martin Ignatius Joseph),
_d1842-1911
245 1 4 _aThe Story of Commodore John Barry
_h[electronic resource] /
_cMartin I. J. Griffin
260 _bProject Gutenberg,
_c2008
506 _aPublic domain in the USA.
516 _aElectronic text
653 _aBarry, John, 1745-1803
830 0 _aProject Gutenberg
_v25100
856 4 0 _uhttp://www.gutenberg.org/ebooks/25100
942 _cEB
999 _c254355
_d254355